000 00546caa a2200181 4500
999 _c443344
_d443344
001 5143379
003 UA-OsUOA
005 20191216154014.0
008 191216b un ||||| |||| 00| 0 ukr d
040 _aUA-OsUOA
_bukr
_cUA-OsUOA
_dUA-OsUOA
041 _aukr
080 _a908
090 _a908
245 _aІванович Гринь (Григорій)
300 _aС. 53
773 0 _0320805
_9339429
_dОстрог 1997
_o72202
_tОстрозька академія XVI–XVII ст.
_w(UA-OsUOA) 34382
_z966-95166-0-9
942 _2udc
_cBKA